| 000 | 00701nam a2200217 i 4500 | ||
|---|---|---|---|
| 001 | 128880 | ||
| 003 | ES-MaACL | ||
| 005 | 20230906193400.0 | ||
| 007 | t| | ||
| 008 | 070529s1948 ag ||||1| spa d | ||
| 100 | 1 |
_aTelepneff, Basilio de. _9109609 |
|
| 245 | 1 | 0 |
_aParacelso _b: genio incomprendido en una época agitada / _cBasilio de Telepneff ; [traducción de J. Novo Cerro]. |
| 260 |
_aBuenos Aires : _bIbero-Americana, _c[1948] |
||
| 300 |
_a109 p. : _bil. ; _c19 cm. |
||
| 490 | 1 |
_aCol. Infinito ; _v502 |
|
| 600 | 0 | 4 |
_aParacelsus. _988902 |
| 700 | 1 |
_aNovo Cerro, J. _986086 |
|
| 830 | 0 |
_aCol. Infinito ; _v502 _9219304 |
|
| 852 |
_aES-MaACL _jE-508 _bR.28622 |
||
| 999 |
_c128880 _d128880 |
||